Chimica organica: Gruppi funzionali - Statistics

Statistiche generali
  • Questo quiz è stato fatto 94 volte
    59 dall'ultimo reset
  • Il punteggio medio è 9 su 15
Statistiche sulle risposte
con Immagini Risposta % Corretto
Alcano
84%
Alchene
82%
Alchino
82%
Chetone
76%
Alcol
74%
Aldeide
72%
Etere
66%
Ammina
64%
Estere
62%
Acido carbossilico
60%
Ammide
54%
Aromatico
44%
Anidride
34%
Alogenuro alchilico
26%
Epossido
20%
Nessun quiz corrispondente trovato
Distribuzione punteggi
Percentuale di utenti per punteggio
Percentile per numero di risposta
I tuoi punteggi nel tempo
Non hai fatto questo quiz dall'ultimo reset